000 01469 a2200265 4500
001 53238
005 20260407155806.0
008 260407a2021 arg spa d
003 AR-UNSa-BCEJYS
040 _aAR-UNSa-BCEJYS
_bspa
_cAR-UNSa-BCEJYS
080 _a336.226.1
_xImpuestos a las ganancias o los beneficios (Impuesto Diferido)
245 1 0 _aImpuesto a las ganancias
_pexplicado y comentado
020 _a978-987-01-2788-8
250 _a16a. ed.
264 1 _aBuenos Aires :
_bErrepar
_c2021
300 _axi, 254 p.
_c27 cm.
505 _a1. Introducción – 2. Hecho imponible – 3. Exenciones – 4. Criterios de imputación – 5. Determinación general del impuesto – 6. Valuación de bienes de usos e inversiones – 7. Ganancias de la primera categoría – 8. Ganancias de la segunda categoría – 9. Ganancias de la cuarta categoría – 10. Ganancias de la tercera categoría – 11. Amortizaciones – 12. Operaciones entre empresas vinculadas – 13. Situaciones especiales previstas por la ley – 14. Reorganización de sociedades – 15. Beneficiarios del exterior – 16. Renta mundial – 17. Liquidación e ingreso del impuesto.
041 _aspa
942 _cBK
590 _aniveau_biblio:m niveau_hierar:0
100 1 _aCeldeiro, Ernesto Carlos
700 1 _aImirizaldu, Juan José
700 1 _aOberkersch, Marisa
856 4 1 _uhttps://www.biblioeco.unsa.edu.ar/pmb/images/libros/L128373.jpg
_yImagen de portada
_qimage/jpeg
999 _c5156
_d5156